| 000 | 00459nam a2200181Ia 4500 | ||
|---|---|---|---|
| 001 | 18150 | ||
| 005 | 20260306171609.0 | ||
| 008 | 260306s9999||||xx |||||||||||||| ||und|| | ||
| 041 | _aESP | ||
| 082 |
_a658.4012 _bK68 |
||
| 100 |
_aKoch, Richard _eAUT |
||
| 245 | 0 |
_aSmart: _blo fundamental y los más efectivo acerca de la estrategia |
|
| 260 | _c2000 | ||
| 300 |
_a228 páginas : _c21cm. |
||
| 650 | _aGEN | ||
| 654 | _aCAN | ||
| 942 |
_cLIB _dJUS _fJUS _2ddc _n |
||
| 999 |
_c18150 _d18150 |
||